[Event "SVK 3.liga A2"]
[Site "?"]
[Date "2019.11.03"]
[Round "3.2"]
[White "Simkovic, Eduard"]
[Black "Viczencz, Peter"]
[Result "0-1"]
[WhiteElo "1901"]
[BlackElo "2038"]
[PlyCount "80"]
[EventDate "2019.10.06"]

1. Nf3 c5 2. d4 e6 3. e4 cxd4 4. Nxd4 a6 5. c4 Qc7 6. Nc3 Nf6 7. a3 d6 8. Be3
Nbd7 9. Rc1 Be7 10. f3 O-O 11. b4 Re8 12. Be2 b6 13. O-O Bb7 14. Qb3 Rac8 15.
Rfd1 Qb8 16. a4 d5 17. cxd5 exd5 18. Nxd5 Nxd5 19. Rxc8 Qxc8 20. exd5 Bxb4 21.
Qxb4 Rxe3 22. Qd2 Qe8 23. Kf2 Ra3 24. Nc6 Rxa4 25. Re1 Qf8 26. Qe3 h6 27. Ne7+
Kh8 28. d6 Ra5 29. Qf4 Nf6 30. Bd3 Bd5 31. d7 Nxd7 32. Nxd5 Rxd5 33. Qe4 Nf6
34. Qe2 Qd8 35. Rd1 b5 36. h4 Rd4 37. g4 Nd5 38. Kg3 Nc3 39. Qe5 Nxd1 40. Be4
Qd6 0-1

[Event "SVK 3.liga A2"]
[Site "?"]
[Date "2019.11.03"]
[Round "3.2"]
[White "Bugar, Peter"]
[Black "Kahanek, Jaroslav"]
[Result "0-1"]
[WhiteElo "1992"]
[BlackElo "1817"]
[PlyCount "120"]
[EventDate "2019.10.06"]

1. c4 c5 2. Nc3 Nf6 3. g3 e5 4. Bg2 Nc6 5. d3 Be7 6. e3 d6 7. Nge2 O-O 8. O-O
Be6 9. Nd5 Rb8 10. Nec3 Nb4 11. Qd2 Nbxd5 12. cxd5 Bd7 13. a3 b5 14. b4 Qc8 15.
Re1 Bd8 16. Bb2 Bb6 17. Rec1 Qe8 18. bxc5 Bxc5 19. Ne2 Bb6 20. Bc3 Qd8 21. Ra2
Bg4 22. Rac2 Rc8 23. h3 Bh5 24. g4 Bg6 25. e4 h6 26. Kf1 Nd7 27. Ng3 Nc5 28.
Rb1 Qd7 29. Kg1 Na4 30. Ba1 Rxc2 31. Qxc2 Rc8 32. Qd1 Nc3 33. Bxc3 Rxc3 34. Ne2
Rxa3 35. Qc2 Bc5 36. Bf1 b4 37. Kg2 Qd8 38. Nc1 a5 39. Nb3 Bb6 40. Nd2 Rc3 41.
Qa2 Bc5 42. Nc4 Qf6 43. Rb2 Bxe4+ 44. dxe4 Qf3+ 45. Kh2 Qf4+ 46. Kg2 Qxe4+ 47.
Kh2 Qf4+ 48. Kg2 e4 49. Ne3 Ra3 50. Qc4 Qf3+ 51. Kh2 g6 52. Qc2 Qf4+ 53. Kg2
Bxe3 54. fxe3 Rxe3 55. Qf2 Rf3 56. Qe1 e3 57. Rc2 Qe4 58. Rc8+ Kg7 59. Kg1 Qe5
60. Bg2 Rf2 0-1

[Event "SVK 3.liga A2"]
[Site "?"]
[Date "2019.11.03"]
[Round "3.2"]
[White "Hrubos, Milan"]
[Black "Simonics, Peter"]
[Result "0-1"]
[WhiteElo "1759"]
[BlackElo "2086"]
[PlyCount "38"]
[EventDate "2019.10.06"]

1. e4 c5 2. Nf3 d6 3. d4 cxd4 4. Nxd4 Nf6 5. Nc3 g6 6. Bc4 a6 7. f3 Bg7 8. Be3
Nbd7 9. Qd2 h5 10. O-O-O b5 11. Bb3 Bb7 12. Nde2 Rc8 13. Kb1 Nb6 14. Bxb6 Qxb6
15. h3 Nd7 16. Nd5 Bxd5 17. Qxd5 O-O 18. Nf4 Ne5 19. Nd3 e6 0-1

[Event "SVK 3.liga A2"]
[Site "?"]
[Date "2019.11.03"]
[Round "3.2"]
[White "Matis, Tibor"]
[Black "Stehlik, Jan"]
[Result "1-0"]
[WhiteElo "1908"]
[BlackElo "1653"]
[PlyCount "83"]
[EventDate "2019.10.06"]

1. e4 e5 2. Nf3 Nc6 3. Bc4 Bc5 4. b4 Bxb4 5. c3 Bd6 6. d4 Nge7 7. Ng5 f6 8. Nf7
Ng6 9. Nxd8 Kxd8 10. O-O Na5 11. Bd3 b6 12. Qg4 Be7 13. Qg3 Rg8 14. Ba3 d6 15.
Nd2 Be6 16. Bb4 Nb7 17. Ba6 Rb8 18. a4 c6 19. Qf3 Nh4 20. Qe3 g5 21. Bxb7 Rxb7
22. a5 b5 23. a6 Rd7 24. Ba5+ Ke8 25. Rfb1 f5 26. dxe5 f4 27. Qd4 Kf7 28. c4 c5
29. Qc3 b4 30. Bxb4 cxb4 31. Rxb4 dxe5 32. Rb7 Rgd8 33. Rxd7 Rxd7 34. Nb3 g4
35. c5 g3 36. hxg3 fxg3 37. Qxg3 Ng6 38. c6 Rc7 39. Nd4 Bc4 40. Qc3 exd4 41.
Qxc4+ Kg7 42. Rb1 1-0

[Event "SVK 3.liga A2"]
[Site "?"]
[Date "2019.11.03"]
[Round "3.2"]
[White "Stasek, Daniel"]
[Black "Mezes, Kristof"]
[Result "1/2-1/2"]
[WhiteElo "1621"]
[BlackElo "1656"]
[PlyCount "66"]
[EventDate "2019.10.06"]

1. e4 e6 2. d4 d5 3. Nc3 Nf6 4. e5 Nfd7 5. f4 c5 6. Nf3 a6 7. a4 Nc6 8. Ne2 Be7
9. c3 O-O 10. Ng3 cxd4 11. cxd4 Qa5+ 12. Bd2 Qb6 13. Bc3 f6 14. Bd3 fxe5 15.
fxe5 g6 16. a5 Qa7 17. Qe2 b5 18. axb6 Qxb6 19. O-O Bb7 20. Kh1 Rf7 21. Qe3
Raf8 22. Qh6 Nd8 23. Ba5 Qb3 24. Bxd8 Qxd3 25. Bxe7 Rxe7 26. Ng5 Rxf1+ 27. Rxf1
Bc6 28. Qh4 Nf8 29. Qf4 Re8 30. Qf7+ Kh8 31. Qc7 Bd7 32. Qd6 Kg8 33. Qb4 Kg7
1/2-1/2

[Event "SVK 3.liga A2"]
[Site "?"]
[Date "2019.11.03"]
[Round "3.3"]
[White "Liptak, Tomas"]
[Black "Lukac, Roman"]
[Result "0-1"]
[WhiteElo "2204"]
[BlackElo "2072"]
[PlyCount "68"]
[EventDate "2019.10.06"]

1. e4 e5 2. Nf3 Nc6 3. Bb5 a6 4. Ba4 Nf6 5. O-O b5 6. Bb3 Be7 7. Re1 d6 8. c3
O-O 9. h3 Nb8 10. d4 Nbd7 11. a4 Bb7 12. Bc2 c5 13. d5 c4 14. Na3 Nc5 15. Nh2
Qd7 16. Nf1 Rfc8 17. Qe2 g6 18. Kh2 Bf8 19. Bg5 Bg7 20. Nd2 Nh5 21. g3 Re8 22.
Be3 Nf6 23. Qf1 Rab8 24. Qg2 Kh8 25. Rf1 Ng8 26. f4 exf4 27. Bxf4 Ne7 28. Bg5
f5 29. Bxe7 Rxe7 30. exf5 gxf5 31. Bxf5 Qe8 32. axb5 axb5 33. Nc2 Nd3 34. Be6
Rxe6 0-1

[Event "SVK 3.liga A2"]
[Site "?"]
[Date "2019.11.03"]
[Round "3.3"]
[White "Nicolini, Alexander"]
[Black "Kovacocy, Pavel"]
[Result "1/2-1/2"]
[WhiteElo "2152"]
[BlackElo "2280"]
[PlyCount "55"]
[EventDate "2019.10.06"]

1. e4 d6 2. d4 Nf6 3. Nc3 e5 4. Nf3 Nbd7 5. Bc4 Be7 6. O-O c6 7. dxe5 dxe5 8.
a4 h6 9. Qe2 Qc7 10. Nh4 Nf8 11. Nf5 Bxf5 12. exf5 N8d7 13. Kh1 O-O 14. Bd2
Rad8 15. Rae1 Rfe8 16. Ba2 Bd6 17. Qc4 Nb6 18. Qh4 Qe7 19. Ne4 Nxe4 20. Qxe4
Nd5 21. Bc1 Qf6 22. c3 Bc7 23. g3 Kf8 24. Kg2 Qd6 25. Qc4 Qf6 26. Qe4 Qd6 27.
Qc4 Qf6 28. Qe4 1/2-1/2

[Event "SVK 3.liga A2"]
[Site "?"]
[Date "2019.11.03"]
[Round "3.3"]
[White "Sarmir, Milos"]
[Black "Szitkey, Milan"]
[Result "1/2-1/2"]
[WhiteElo "2061"]
[BlackElo "2056"]
[PlyCount "67"]
[EventDate "2019.10.06"]

1. Nf3 Nf6 2. g3 g6 3. Bg2 Bg7 4. O-O O-O 5. c4 c6 6. Nc3 d5 7. cxd5 cxd5 8. d4
Nc6 9. a3 Bf5 10. b4 Ne4 11. Bb2 Rc8 12. Rc1 Nxc3 13. Rxc3 a6 14. e3 Qd6 15.
Qe2 Bg4 16. h3 Bxf3 17. Bxf3 e5 18. dxe5 Bxe5 19. Rc2 d4 20. exd4 Nxd4 21. Bxd4
Bxd4 22. Kg2 Rxc2 23. Qxc2 a5 24. Qc4 b6 25. Rd1 Rd8 26. bxa5 bxa5 27. Rd3 Qf6
28. Rd2 Kg7 29. Re2 Bb6 30. Bd5 Rd7 31. Qb5 Qf5 32. Qb2+ Qf6 33. Qb3 Rc7 34. a4
$11 1/2-1/2

[Event "SVK 3.liga A2"]
[Site "?"]
[Date "2019.11.03"]
[Round "3.3"]
[White "Sturdik, Igor"]
[Black "Puchart, Vladimir"]
[Result "0-1"]
[WhiteElo "1971"]
[BlackElo "2023"]
[PlyCount "75"]
[EventDate "2019.10.06"]

1. e4 c5 2. Nf3 d6 3. d4 cxd4 4. Nxd4 Nf6 5. Nc3 a6 6. Bg5 Nbd7 7. f4 Qc7 8.
Qf3 Rb8 9. O-O-O g6 10. Be2 Bg7 11. Qe3 O-O 12. h4 h5 13. g4 hxg4 14. h5 e5 15.
Nf5 gxf5 16. h6 Bh8 17. Nd5 Qc5 18. Qxc5 dxc5 19. h7+ Nxh7 20. Ne7+ Kg7 21.
Nxf5+ Kg8 22. Ne7+ Kg7 23. Bh6+ Kf6 24. Bxf8 Ndxf8 25. Nxc8 Rxc8 26. Bxg4 Rc7
27. Bf5 Kg7 28. fxe5 Ng6 29. Rdg1 Nhf8 30. Kd2 Re7 31. Rh5 Ne6 32. Rgh1 Nef8
33. Ke3 Rxe5 34. Bxg6 Nxg6 35. Rxe5 Nxe5 36. Kf4 Kf6 37. Rh6+ Ng6+ 38. Rxg6+
0-1

[Event "SVK 3.liga A2"]
[Site "?"]
[Date "2019.11.03"]
[Round "3.3"]
[White "Markuliak, Mario"]
[Black "Kolenak, Matus"]
[Result "0-1"]
[WhiteElo "1851"]
[BlackElo "1986"]
[PlyCount "54"]
[EventDate "2019.10.06"]

1. c4 e5 2. g3 Nf6 3. Bg2 Bc5 4. Nc3 O-O 5. d3 c6 6. Nf3 d6 7. O-O h6 8. a3 a5
9. Na4 Ba7 10. b4 Bg4 11. Bb2 Nbd7 12. Qd2 axb4 13. axb4 Qc7 14. Nc3 Rfe8 15.
Ra2 Bb6 16. Rfa1 Rxa2 17. Rxa2 Nf8 18. Na4 Ba7 19. Ne1 Bd4 20. Nc3 Ne6 21. Nc2
Bb6 22. e3 Ng5 23. Kh1 Bf3 24. h4 Qd7 25. Ne1 Qh3+ 26. Kg1 Bxg2 27. Nxg2 Nf3+
0-1

[Event "SVK 3.liga A2"]
[Site "?"]
[Date "2019.11.03"]
[Round "3.3"]
[White "Mosny, Jaroslav"]
[Black "Vlkovic, Pavol"]
[Result "1/2-1/2"]
[WhiteElo "1900"]
[BlackElo "1834"]
[PlyCount "38"]
[EventDate "2019.10.06"]

1. d4 c5 2. e3 g6 3. Nf3 Bg7 4. Be2 cxd4 5. exd4 Nf6 6. O-O O-O 7. c3 d6 8. Bd3
b6 9. Re1 Bb7 10. Nbd2 Nbd7 11. Nf1 h6 12. Ng3 Re8 13. Bf4 Nd5 14. Bd2 N5f6 15.
Qb3 e6 16. Bf4 Qc7 17. Ne4 Nxe4 18. Bxe4 Bxe4 19. Rxe4 Nf6 $11 1/2-1/2

[Event "SVK 3.liga A2"]
[Site "?"]
[Date "2019.11.03"]
[Round "3.3"]
[White "Vagovsky, Jozef"]
[Black "Doucha, Ludvig"]
[Result "1-0"]
[WhiteElo "1771"]
[BlackElo "1823"]
[PlyCount "115"]
[EventDate "2019.10.06"]

1. d4 Nf6 2. c4 c5 3. e3 g6 4. Nc3 Bg7 5. Bd3 d6 6. h3 e5 7. d5 Qe7 8. Qc2 Na6
9. a3 Bd7 10. Nge2 O-O 11. Ng3 Rab8 12. e4 Ne8 13. O-O Nec7 14. Nb5 Nxb5 15.
cxb5 Nc7 16. a4 h5 17. Bd2 h4 18. Ne2 f5 19. exf5 gxf5 20. Nc3 Rbe8 21. Rae1
Qf7 22. Bc4 Qh5 23. Qc1 Rf6 24. Bg5 Rg6 25. f4 exf4 26. Rxe8+ Nxe8 27. Bxf4
Bd4+ 28. Kh1 Qh8 29. Qe1 Qf6 30. Be2 Ng7 31. Qd2 Be5 32. Bf3 Bd4 33. Re1 Kf7
34. Nd1 Bc8 35. Qe2 Bd7 36. Kh2 Kf8 37. Kh1 Kf7 38. Ne3 Be5 39. Bh2 Bxh2 40.
Kxh2 Qe5+ 41. Kh1 f4 42. Nc4 Qxe2 43. Rxe2 Nf5 44. Re1 Ng3+ 45. Kg1 Bf5 46. Kf2
Bc2 47. a5 Bd3 48. b3 Bc2 49. Nd2 Bd3 50. b6 a6 51. Bg4 Rg8 52. Be6+ Kf8 53.
Bxg8 Kxg8 54. Re7 Kf8 55. Rxb7 Ke8 56. Rg7 Nf5 57. Rh7 Nd4 58. Rh8+ 1-0

[Event "SVK 3.liga A2"]
[Site "?"]
[Date "2019.11.03"]
[Round "3.3"]
[White "Klanica, Anton"]
[Black "Hornak, Pavol"]
[Result "1/2-1/2"]
[WhiteElo "1804"]
[BlackElo "1755"]
[PlyCount "110"]
[EventDate "2019.10.06"]

1. e4 c5 2. Nf3 e6 3. Be2 Nc6 4. O-O Qc7 5. c3 Nf6 6. d3 Be7 7. Bg5 O-O 8. Bh4
d5 9. Bg3 Bd6 10. Bxd6 Qxd6 11. Qc2 a6 12. Nbd2 b5 13. Rfe1 Bb7 14. Bf1 dxe4
15. Nxe4 Nxe4 16. dxe4 e5 17. Rad1 Qe7 18. Rd2 Rfd8 19. Red1 Rxd2 20. Rxd2 Rd8
21. Ne1 c4 22. Qd1 Rxd2 23. Qxd2 Qd8 24. Qe3 f6 25. Be2 Kf7 26. a3 Na5 27. f3
Nb3 28. Kf2 Qc7 29. Bd1 Nc5 30. Bc2 Ne6 31. g3 Qc5 32. b4 Qxe3+ 33. Kxe3 g5 34.
a4 Bc6 35. a5 h5 36. Bd1 Kg6 37. Ng2 Bb7 38. h4 Bc6 39. Be2 Bb7 40. Bd1 Bc6 41.
Be2 Bb7 42. Bf1 Bc6 43. hxg5 fxg5 44. f4 gxf4+ 45. gxf4 Kf6 46. Be2 Ng7 47. Bf3
Be8 48. Bd1 Bf7 49. f5 Kg5 50. Ne1 Kf6 51. Nf3 Ne8 52. Kf2 Nd6 53. Bc2 Be8 54.
Ke3 Bc6 55. Nh4 Be8 1/2-1/2

[Event "SVK 3.liga A2"]
[Site "?"]
[Date "2019.11.03"]
[Round "3.4"]
[White "Babirat, Michal"]
[Black "Sebesta, Radovan"]
[Result "1/2-1/2"]
[WhiteElo "1876"]
[BlackElo "2002"]
[PlyCount "52"]
[EventDate "2019.10.06"]

1. c4 Nf6 2. d4 e6 3. Nc3 d5 4. cxd5 exd5 5. Bg5 Be7 6. Nf3 c6 7. e3 O-O 8. Bd3
Nbd7 9. O-O Re8 10. Qc2 h6 11. Bh4 Nh5 12. Bxe7 Qxe7 13. a3 Nhf6 14. b4 a5 15.
Qb2 Ne4 16. b5 Nxc3 17. Qxc3 c5 18. dxc5 Nxc5 19. Bc2 Be6 20. Nd4 Rec8 21. Qb2
Qf6 22. Rac1 Bg4 23. Bb1 Ne6 24. Ba2 Nxd4 25. Qxd4 Qxd4 26. exd4 Be6 1/2-1/2

[Event "SVK 3.liga A2"]
[Site "?"]
[Date "2019.11.03"]
[Round "3.4"]
[White "Palka, Miroslav"]
[Black "Holicky, Miroslav"]
[Result "1-0"]
[WhiteElo "1853"]
[BlackElo "1788"]
[PlyCount "71"]
[EventDate "2019.10.06"]

1. c4 e6 2. Nc3 d5 3. d4 c6 4. Bf4 Nf6 5. e3 Nbd7 6. Bd3 dxc4 7. Bxc4 Nb6 8.
Bd3 Nbd5 9. Bg3 Bb4 10. Nge2 Qa5 11. Qc2 h6 12. a3 O-O 13. O-O Nxc3 14. bxc3
Be7 15. Nc1 Qd8 16. Nb3 Nh5 17. Be5 b6 18. Be2 Nf6 19. a4 Bb7 20. Bf3 Bd6 21.
Rfd1 Qc7 22. Bxd6 Qxd6 23. c4 Qe7 24. c5 Rfd8 25. a5 e5 26. a6 Bc8 27. Bxc6 Rb8
28. dxe5 Ng4 29. Be4 Rxd1+ 30. Rxd1 bxc5 31. Nxc5 Qh4 32. h3 Nxe5 33. Qd2 Bxh3
34. gxh3 Qg5+ 35. Kf1 Qf6 36. Qd6 1-0

[Event "SVK 3.liga A2"]
[Site "?"]
[Date "2019.11.03"]
[Round "3.4"]
[White "Drahos, Miroslav"]
[Black "Skapikova, Lubica"]
[Result "0-1"]
[WhiteElo "1718"]
[BlackElo "1815"]
[PlyCount "82"]
[EventDate "2019.10.06"]

1. e4 e5 2. Nf3 Nc6 3. Bb5 Bc5 4. c3 Nf6 5. O-O O-O 6. d4 exd4 7. cxd4 Bb6 8.
Nc3 d6 9. h3 h6 10. Re1 a6 11. Ba4 Ba5 12. Bxc6 bxc6 13. Qa4 Bxc3 14. bxc3 Bd7
15. Qc2 Re8 16. c4 d5 17. e5 Ne4 18. c5 Rb8 19. Be3 Qc8 20. Kh2 Bf5 21. Qe2 Rb4
22. Rec1 Qb7 23. Qd1 Rb8 24. Nd2 Nxd2 25. Qxd2 Rb2 26. Qc3 Qb4 27. g4 Be4 28.
Kg3 Qb5 29. Re1 Qa4 30. Rac1 Rxa2 31. Ra1 Rbb2 32. Rxa2 Rxa2 33. h4 Rc2 34. Qa1
Qc4 35. Qa3 Rc3 36. Qa1 Qxd4 37. Qxa6 Qxc5 38. Kf4 Qe7 39. Qc8+ Kh7 40. Kg3
Qxe5+ 41. Kh3 d4 0-1

[Event "SVK 3.liga A2"]
[Site "?"]
[Date "2019.11.03"]
[Round "3.4"]
[White "Huska, Branislav"]
[Black "Benkovsky, Peter"]
[Result "1-0"]
[WhiteElo "1852"]
[BlackElo "1643"]
[PlyCount "53"]
[EventDate "2019.10.06"]

1. e4 e6 2. d4 d5 3. Nd2 Nf6 4. e5 Nfd7 5. Bd3 c5 6. c3 Nc6 7. Ne2 Qb6 8. Nf3
cxd4 9. cxd4 Bb4+ 10. Bd2 h6 11. O-O Bxd2 12. Qxd2 O-O 13. a3 a5 14. Rac1 Qd8
15. Nf4 Ne7 16. Bb1 g5 17. Qc2 Nf5 18. g4 gxf4 19. gxf5 exf5 20. Qxf5 Nf6 21.
Qxf6 Qxf6 22. exf6 Kh8 23. Rfe1 Bh3 24. Kh1 Rg8 25. Rg1 Rae8 26. Ne5 Re6 27.
Nxf7# 1-0

[Event "SVK 3.liga A2"]
[Site "?"]
[Date "2019.11.03"]
[Round "3.4"]
[White "Kosticky, Simon"]
[Black "Lauko, Tomas"]
[Result "1/2-1/2"]
[WhiteElo "1760"]
[BlackElo "1725"]
[PlyCount "85"]
[EventDate "2019.10.06"]

1. c4 g6 2. Nc3 Bg7 3. g3 Nf6 4. d3 c6 5. Bg2 O-O 6. Nf3 d5 7. cxd5 Nxd5 8. Bd2
Qb6 9. Qb3 Qxb3 10. axb3 Be6 11. Ng5 Nb4 12. Ra4 Nc2+ 13. Kf1 Bxb3 14. Rh4 h6
15. Nge4 g5 16. Rh5 f6 17. e3 Bf7 18. Rh3 Be6 19. Ke2 Bxh3 20. Bxh3 f5 21. Nc5
Na6 22. Nxb7 Rab8 23. Na5 Rxb2 24. Nxc6 Bxc3 25. Bxc3 Nd4+ 26. Kf1 Rb1+ 27. Kg2
Rxh1 28. Bxd4 Rd1 29. Bxf5 Kf7 30. Ne5+ Ke8 31. Bg4 Rd2 32. e4 Nb4 33. Bxa7 Rf6
34. Be3 Nxd3 35. Nxd3 Rxd3 36. e5 Rc6 37. Kf3 e6 38. h4 Rd5 39. hxg5 hxg5 40.
Bxg5 Rxe5 41. Be3 Rb5 42. Kg2 Rb2 43. Kg1 1/2-1/2

[Event "SVK 3.liga A2"]
[Site "?"]
[Date "2019.11.03"]
[Round "3.4"]
[White "Havlicek, Peter"]
[Black "Nemcovic, Peter"]
[Result "1-0"]
[WhiteElo "1713"]
[BlackElo "1639"]
[PlyCount "120"]
[EventDate "2019.10.06"]

1. e4 e6 2. d4 d5 3. Bd3 dxe4 4. Bxe4 Nf6 5. Qd3 Nxe4 6. Qxe4 Nd7 7. Nf3 Nf6 8.
Qd3 b6 9. O-O Be7 10. c4 Bb7 11. Bf4 O-O 12. Rd1 Qc8 13. Nc3 a6 14. Ne5 Rd8 15.
Qg3 Nh5 16. Qg4 Nxf4 17. Qxf4 Rf8 18. Rd3 Bd6 19. Qe3 c5 20. dxc5 Bxc5 21. Qf4
f6 22. Nd7 Qc6 23. Qg3 Rad8 24. Rad1 Be7 25. Nxf8 Rxd3 26. Rxd3 Kxf8 27. b3 Kf7
28. h4 f5 29. h5 Ba8 30. f3 Bf6 31. Ne2 e5 32. Kf1 Bb7 33. Qe1 e4 34. Rd5 exf3
35. gxf3 Qe6 36. Rd3 g6 37. hxg6+ hxg6 38. Nf4 Qe7 39. Qxe7+ Bxe7 40. Nd5 Bxd5
41. Rxd5 Ke6 42. Ke2 g5 43. Kd3 g4 44. fxg4 fxg4 45. Ke3 g3 46. Kf3 Bd6 47. a4
Bc7 48. Rg5 Kd7 49. Rg6 Kc8 50. Ke4 Kb7 51. Kd5 Bf4 52. Rg7+ Bc7 53. c5 bxc5
54. Kxc5 a5 55. b4 axb4 56. Kxb4 Kc6 57. a5 Bd6+ 58. Ka4 Be5 59. Rg6+ Kc5 60.
a6 g2 1-0

[Event "SVK 3.liga A2"]
[Site "?"]
[Date "2019.11.03"]
[Round "3.4"]
[White "Fajnor, Dusan"]
[Black "Fidericky, Milan"]
[Result "1-0"]
[WhiteElo "1628"]
[BlackElo "1695"]
[PlyCount "43"]
[EventDate "2019.10.06"]

1. d4 d5 2. c4 dxc4 3. e4 Nc6 4. Nf3 Bg4 5. d5 Ne5 6. Bf4 Ng6 7. Be3 Nf6 8. Na3
e5 9. Bxc4 a6 10. Be2 Bd6 11. Nd2 Bd7 12. Nac4 Qb8 13. Nxd6+ cxd6 14. Nc4 Nf4
15. Bxf4 exf4 16. Nb6 Ra7 17. Rc1 h6 18. O-O Ke7 19. Qd4 Rd8 20. Rc3 Ke8 21.
Rfc1 Ke7 22. Nxd7 1-0

[Event "SVK 3.liga A2"]
[Site "?"]
[Date "2019.11.03"]
[Round "3.4"]
[White "Dest, Stanislav"]
[Black "Milec, Marek"]
[Result "1-0"]
[WhiteElo "1541"]
[BlackElo "1557"]
[PlyCount "105"]
[EventDate "2019.10.06"]

1. d4 Nf6 2. c4 e5 3. dxe5 Ng4 4. Nf3 Bc5 5. e3 Nc6 6. Be2 Qe7 7. Nc3 Ngxe5 8.
Nxe5 Nxe5 9. Nd5 Qd6 10. Bd2 a5 11. O-O c6 12. Nc3 O-O 13. Ne4 Qe7 14. Qc2 Bb6
15. Rfd1 Rd8 16. c5 Bc7 17. Nd6 Bxd6 18. cxd6 Qxd6 19. Bxa5 Qe7 20. Bxd8 Qxd8
21. Qc5 Ra5 22. Qc3 Ng6 23. Bd3 Ne7 24. Qc2 g6 25. b4 Ra8 26. b5 d5 27. bxc6
bxc6 28. Qc3 Qc7 29. Qf6 Be6 30. Rdc1 c5 31. Qc3 c4 32. Be2 Bf5 33. Bd3 Bxd3
34. Qxd3 Qxh2+ 35. Kxh2 cxd3 36. Rc3 Rb8 37. Rxd3 Rb2 38. Kg1 Kg7 39. a4 Rb6
40. a5 Ra6 41. Rb3 Nc6 42. Rb6 Rxa5 43. Rxa5 Nxa5 44. Rb5 Nc6 45. Rxd5 Ne7 46.
Rd7 Kf6 47. g4 h6 48. g5+ Ke6 49. Rb7 Nf5 50. Rb6+ Ke5 51. Rf6 Nh4 52. Rxf7 Ke4
53. Rf4+ 1-0

[Event "SVK 3.liga A2"]
[Site "?"]
[Date "2019.11.03"]
[Round "3.5"]
[White "Vodicka, Michal"]
[Black "Kucharek, Jaroslav"]
[Result "1/2-1/2"]
[WhiteElo "1862"]
[BlackElo "2050"]
[PlyCount "75"]
[EventDate "2019.10.06"]
[EventType "team"]
[EventRounds "11"]
[SourceDate "2019.11.05"]

1. e4 d6 2. d4 Nf6 3. Nc3 Nbd7 4. Nf3 e5 5. Be2 c6 6. O-O Be7 7. h3 O-O 8. Be3
Qc7 9. a4 Re8 10. dxe5 dxe5 11. Bc4 h6 12. Qd2 Nf8 13. Rad1 Be6 14. Qe2 Rad8
15. Rd2 Bb4 16. Rxd8 Rxd8 17. Nd2 Bd6 18. Bd3 Ng6 19. Nc4 Bf8 20. Qf3 Be7 21.
Ne2 b5 22. axb5 cxb5 23. Nd2 Qa5 24. Ng3 Qb4 25. Nf5 Bxf5 26. exf5 Nf4 27. Bxf4
exf4 28. Ne4 Qxb2 29. Qxf4 Nd5 30. Qg3 Qd4 31. f6 Nxf6 32. Nxf6+ Bxf6 33. Bxb5
Qc5 34. Ba4 Be5 35. Qf3 Rd4 36. Bb3 Rf4 37. Qe3 Qxe3 38. fxe3 1/2-1/2

[Event "SVK 3.liga A2"]
[Site "?"]
[Date "2019.11.03"]
[Round "3.5"]
[White "Londin, Martin"]
[Black "Podjavorinsky, Michal"]
[Result "0-1"]
[WhiteElo "1931"]
[BlackElo "1980"]
[PlyCount "78"]
[EventDate "2019.10.06"]
[EventType "team"]
[EventRounds "11"]
[SourceDate "2019.11.05"]

1. e4 c5 2. Nc3 Nc6 3. Bb5 Nd4 4. Nf3 a6 5. Bc4 e6 6. a4 Ne7 7. Nxd4 cxd4 8.
Ne2 Nc6 9. c3 Ne5 10. d3 Nxc4 11. dxc4 dxc3 12. Nxc3 Qc7 13. Qd3 Bd6 14. Rb1
O-O 15. b4 b6 16. Be3 Be5 17. Rd1 Bb7 18. Ne2 d6 19. O-O d5 20. cxd5 exd5 21.
exd5 Bxh2+ 22. Kh1 Bd6 23. Rc1 Qe7 24. Rc4 Qe5 25. Rh4 f5 26. Bf4 Qe7 27. Rh3
Rae8 28. Be3 Qe4 29. Qxe4 Rxe4 30. Nc3 Rxb4 31. Rd1 Rc8 32. Bd4 Rbc4 33. Rdd3
b5 34. axb5 axb5 35. g4 fxg4 36. Rh4 b4 37. Rxg4 Rxd4 38. Rdxd4 bxc3 39. f3 c2
0-1

[Event "SVK 3.liga A2"]
[Site "?"]
[Date "2019.11.03"]
[Round "3.5"]
[White "Siska, Kristof"]
[Black "Vogl, Zdenek"]
[Result "1/2-1/2"]
[WhiteElo "1842"]
[BlackElo "1853"]
[PlyCount "129"]
[EventDate "2019.10.06"]
[EventType "team"]
[EventRounds "11"]
[SourceDate "2019.11.05"]

1. e4 e5 2. Nf3 Nc6 3. Bb5 a6 4. Ba4 Be7 5. O-O b5 6. Bb3 Nf6 7. Re1 O-O 8. c3
d6 9. h3 Na5 10. Bc2 c5 11. d3 h6 12. Nbd2 Nh7 13. Nf1 f5 14. exf5 Bxf5 15. Ng3
Bg6 16. b4 cxb4 17. cxb4 Nc6 18. a3 Ng5 19. Bb3+ Bf7 20. Nxg5 Bxg5 21. Bb2 Bh4
22. Nf5 Bxf2+ 23. Kxf2 Qf6 24. Bxf7+ Rxf7 25. g4 g6 26. Qf3 gxf5 27. Qxc6 fxg4+
28. Kg1 Qf2+ 29. Kh1 Raf8 30. Bxe5 dxe5 31. Qg6+ Rg7 32. Qe6+ Kh7 33. Rf1 Qb2
34. hxg4 Rf2 35. Rxf2 Qxf2 36. Qf5+ Qxf5 37. gxf5 Rf7 38. Rf1 Kg7 39. Rg1+ Kf6
40. Rg6+ Kxf5 41. Rxh6 Rf6 42. Rh4 Rd6 43. Rh3 a5 44. bxa5 Ra6 45. Rh5+ Kf4 46.
Rh4+ Ke3 47. Re4+ Kf2 48. Rh4 Rxa5 49. d4 Rxa3 50. Rh2+ Kg3 51. Rg2+ Kf4 52.
dxe5 Re3 53. Rb2 Rxe5 54. Kg2 Ke3 55. Kg3 Kd3 56. Kf4 Rc5 57. Kf3 Kc3 58. Rb1
Kc2 59. Rb4 Rc3+ 60. Ke2 Rb3 61. Rd4 b4 62. Rc4+ Kb1 63. Kd2 Rb2+ 64. Kd3 b3
65. Kc3 1/2-1/2

[Event "SVK 3.liga A2"]
[Site "?"]
[Date "2019.11.03"]
[Round "3.5"]
[White "Harastova, Viera"]
[Black "Strapko, Tomas"]
[Result "1/2-1/2"]
[WhiteElo "1812"]
[BlackElo "1885"]
[PlyCount "83"]
[EventDate "2019.10.06"]
[EventType "team"]
[EventRounds "11"]
[SourceDate "2019.11.05"]

1. d4 Nf6 2. c4 g6 3. Nc3 d5 4. cxd5 Nxd5 5. e4 Nxc3 6. bxc3 Bg7 7. Bc4 c5 8.
Ne2 Nc6 9. Be3 cxd4 10. cxd4 Bd7 11. O-O O-O 12. Qd2 Qa5 13. Rfd1 Qxd2 14. Rxd2
b5 15. Bb3 Na5 16. Rc1 Rac8 17. Rdc2 Nxb3 18. axb3 b4 19. Rc7 Rxc7 20. Rxc7 Bb5
21. Nf4 e5 22. dxe5 a6 23. Bd4 Re8 24. e6 f6 25. f3 Bh6 26. Nd5 Rxe6 27. Nxb4
Bf4 28. Rc8+ Kf7 29. Nd5 Bd6 30. Kf2 f5 31. Rh8 h5 32. Nc7 Bxc7 33. Rh7+ Ke8
34. Rxc7 fxe4 35. Rc3 Kd7 36. fxe4 Rxe4 37. Be3 Kd6 38. Kf3 Re6 39. Bf4+ Kd5
40. Be3 Rf6+ 41. Kg3 Ke4 42. h4 1/2-1/2

[Event "SVK 3.liga A2"]
[Site "?"]
[Date "2019.11.03"]
[Round "3.5"]
[White "Miciak, Emanuel"]
[Black "Vach, Jozef"]
[Result "1/2-1/2"]
[WhiteElo "1827"]
[BlackElo "1709"]
[PlyCount "119"]
[EventDate "2019.10.06"]
[EventType "team"]
[EventRounds "11"]
[SourceDate "2019.11.05"]

1. d4 d5 2. Nf3 Nf6 3. Bf4 Bf5 4. e3 e6 5. Bd3 Bxd3 6. Qxd3 Bd6 7. Nbd2 Bxf4 8.
exf4 c6 9. O-O O-O 10. Rfe1 Nbd7 11. Ne5 Nxe5 12. fxe5 Nd7 13. Re3 c5 14. c3 c4
15. Qe2 Qg5 16. Rg3 Qe7 17. Re1 Rae8 18. Rh3 f5 19. Qh5 g6 20. Qe2 Rf7 21. f4
Rg7 22. Nf3 Nf8 23. Ng5 Qc7 24. Kh1 Qa5 25. a3 Rc8 26. Rg1 Re8 27. Rh6 Ree7 28.
g4 Qb6 29. Nf3 Qc7 30. Rg3 b5 31. h4 a5 32. g5 Qb7 33. Qh2 b4 34. h5 bxa3 35.
bxa3 Qb1+ 36. Rg1 Qe4 37. Qg2 Rb7 38. Nh4 Qxg2+ 39. Rxg2 gxh5 40. Rxh5 Rb3 41.
Rh2 Rxc3 42. Rg2 Rh3+ 43. Kg1 Ng6 44. Nxf5 Rxh5 45. Nh6+ Kf8 46. Rb2 Rc7 47.
Rb8+ Ke7 48. Ng8+ Kd7 49. Nf6+ Kc6 50. Nxh5 Rb7 51. Rxb7 Kxb7 52. Kf2 Kc6 53.
a4 Nf8 54. Ke3 Kd7 55. Nf6+ Ke7 56. f5 Kf7 57. fxe6+ Kxe6 58. Ne8 Kf5 59. Nc7
Kxg5 60. Nxd5 1/2-1/2

[Event "SVK 3.liga A2"]
[Site "?"]
[Date "2019.11.03"]
[Round "3.5"]
[White "Krakovsky, Peter"]
[Black "Curidlo, Jan1"]
[Result "1-0"]
[WhiteElo "1676"]
[BlackElo "1827"]
[PlyCount "119"]
[EventDate "2019.10.06"]
[EventType "team"]
[EventRounds "11"]
[SourceDate "2019.11.05"]

1. c4 e6 2. d4 d5 3. e3 Nf6 4. Nf3 Be7 5. cxd5 Nxd5 6. Be2 O-O 7. O-O Nd7 8.
Bd2 a6 9. Nc3 N7f6 10. Rc1 Bd7 11. Re1 Rc8 12. Ne5 b5 13. Bd3 c5 14. Nxd7 Qxd7
15. dxc5 Bxc5 16. Qe2 Rfd8 17. Red1 Bd6 18. Nxd5 exd5 19. Ba5 Re8 20. Bc3 Qe6
21. Qf3 Ne4 22. Bxe4 dxe4 23. Qe2 Red8 24. a3 f5 25. Rc2 Bc7 26. Rcd2 Rxd2 27.
Rxd2 Qe7 28. Rd5 g6 29. Qd2 Rd8 30. Qd4 Rxd5 31. Qxd5+ Qf7 32. Qa8+ Qf8 33.
Qxa6 Qd6 34. Qxd6 Bxd6 35. Kf1 Kf7 36. h3 Ke6 37. Ke2 Kd5 38. Kd2 Be7 39. Kc2
h5 40. Bd4 g5 41. Bc3 g4 42. Be1 Bf6 43. b3 Be5 44. a4 Kc6 45. Bc3 Bc7 46. a5
f4 47. hxg4 hxg4 48. exf4 Bxf4 49. Bd4 Bd6 50. a6 g3 51. a7 Kb7 52. fxg3 Bxg3
53. Be3 Be1 54. g4 b4 55. g5 Bc3 56. Kd1 Ka8 57. Ke2 Be5 58. Kf2 Kb7 59. Kg2
Ka8 60. Kh3 1-0